Cities on the Caspian Sea with over 50k People - Statistics

General Stats
  • This quiz has been taken 72 times
  • The average score is 3 of 22
Answer Stats
Country Population City % Correct
Azerbaijan 1,229,100 Baku
100%
Russia 601,286 Makhachkala
49%
Russia 124,677 Derbent
41%
Kazakhstan 188,827 Aktau
35%
Turkmenistan 70,000 Turkmenbashi
29%
Azerbaijan 297,600 Sumqayit
22%
Azerbaijan 51,600 Lankaran
16%
Iran 59,966 Bābolsar
10%
Iran 118,564 Bandar-e Anzalī
8%
Russia 119,238 Kaspiysk
8%
Iran 51,579 Āstārā
6%
Iran 65,196 Chālūs
6%
Iran 55,434 Tonekābon
6%
Kazakhstan 271,918 Atyraý
3%
Azerbaijan 73,700 Bakikhanov
0%
Iran 53,970 Bandar-e Torkaman
0%
Azerbaijan 55,300 Bina
0%
Azerbaijan 84,500 Garachukur
0%
Iran 54,178 Hashtpar
0%
Azerbaijan 96,200 Khirdalan
0%
Iran 79,445 Langarūd
0%
Azerbaijan 52,500 Rasulzade
0%
No matching quizzes found
Score Distribution
Percent of People with Each Score
Percentile by Number Answered
Your Score History
You have not taken this quiz